Exercises in environmental science / (Record no. 362277)
[ view plain ]
| 000 -LEADER | |
|---|---|
| fixed length control field | 00526nam a2200133Ia 4500 |
| 008 - FIXED-LENGTH DATA ELEMENTS--GENERAL INFORMATION | |
| fixed length control field | 191021s9999 xx 000 0 und d |
| 020 ## - INTERNATIONAL STANDARD BOOK NUMBER | |
| International Standard Book Number | 978-1-5249-8130-3 |
| 100 ## - MAIN ENTRY--PERSONAL NAME | |
| Personal name | Slattery Michael. |
| 245 ## - TITLE STATEMENT | |
| Statement of responsibility, etc | Slattery Michael, Argenbright Kristi.-- |
| Title | Exercises in environmental science / |
| 250 ## - EDITION STATEMENT | |
| Edition statement | 5th ed. |
| 260 ## - PUBLICATION, DISTRIBUTION, ETC. (IMPRINT) | |
| Place of publication, distribution, etc | Dubuque, Ia. : |
| Name of publisher, distributor, etc | Kendall Hunt . |
| Date of publication, distribution, etc | 2018. |
| 300 ## - PHYSICAL DESCRIPTION | |
| Extent | iii,101 pages: |
| Other physical details | illustrations, forms, maps ; |
| Dimensions | 28 cm. |
| 650 ## - SUBJECT ADDED ENTRY--TOPICAL TERM | |
| Topical term or geographic name as entry element | Environmental sciences -- Study and teaching (Higher) More like this Similar Items |
| Withdrawn status | Lost status | Source of classification or shelving scheme | Damaged status | Home library | Current library | Shelving location | Date acquired | Source of acquisition | Sub Shelving location | Total Checkouts | Full call number | Barcode | Date last seen | Price effective from | Koha item type |
|---|---|---|---|---|---|---|---|---|---|---|---|---|---|---|---|
| Library of Congress Classification | College Library | College Library | Reserve Section | 10/21/2019 | Library Fund | GE 80 .Sl631 2018 | C21865 | 10/22/2019 | 10/22/2019 | Books |